Caricamento...
Dictionary of literary pseudonyms /
| Autore principale: | |
|---|---|
| Natura: | Printed Book |
| Lingua: | English |
| Pubblicazione: |
London :
Clive Bingley,
1975.
|
| LEADER | 00487nam a2200145Ia 4500 | ||
|---|---|---|---|
| 008 | 150624b xxu||||| |||| 00| 0 eng d | ||
| 999 | |c 24828 |d 24828 | ||
| 020 | |a 0208016627 | ||
| 082 | |a 423.1 | ||
| 100 | |a Atkinson, Frank | ||
| 245 | |a Dictionary of literary pseudonyms / |c Frank Atkinson | ||
| 260 | |a London : |b Clive Bingley, |c 1975. | ||
| 300 | |a 248 p. | ||
| 942 | |c REF | ||
| 952 | |0 0 |1 0 |4 0 |6 423_100000000000000_ATK_D |7 0 |9 24827 |a UL |b UL |c Ref2 |d 1998-09-01 |l 0 |o 423.1 ATK/D |p 36076 |r 2012-10-27 |w 2012-10-27 |y REF | ||